Still More Things on a Rabbit's Head Quiz Stats

 Plays Quiz not verified by Sporcle

Score 0/26 Timer 06:00
0 Plays Today
% Correct
Mr. Potato Head
100%
Pizza
94.6%
NASCAR Car
94.6%
Chocolate Bunny
91.9%
Egg
91.9%
Bread
91.9%
Top Hat
91.9%
Pocahontas
89.2%
Cheerio
89.2%
Jolly Rancher
89.2%
Cadbury Creme Egg
89.2%
Cucumber
89.2%
Tinkerbell
89.2%
% Correct
Cat
89.2%
Duck
89.2%
Bowl
89.2%
Wedding Ring
89.2%
Bow
86.5%
Kazoo
83.8%
Twinkie
83.8%
Eeyore
83.8%
Marshmallow Peeps
81.1%
Mouse
78.4%
Packet
73%
Gumby
70.3%
Green Army Man
70.3%

You're not logged in!

Compare scores with friends on all Sporcle quizzes.
OR
Log In

Sporcle TV

Today on Sporcle TV


Watch our educational content, quiz creation guides, and fun videos on Sporcle TV.

Show Comments

Extras

Top Quizzes Today


Score Distribution

Your Account Isn't Verified!

In order to create a playlist on Sporcle, you need to verify the email address you used during registration. Go to your Sporcle Settings to finish the process.

Report this User

Report this user for behavior that violates our Community Guidelines.

Details: